|
|
|
|
| LEADER |
01104naa a2200265 i 4500 |
| 001 |
acta76191 |
| 005 |
20221108134838.0 |
| 008 |
220711s2021 hu o 1|| eng d |
| 020 |
|
|
|a 978-963-306-790-1
|
| 040 |
|
|
|a SZTE Egyetemi Kiadványok Repozitórium
|b hun
|
| 041 |
|
|
|a eng
|
| 100 |
1 |
|
|a Elmaz Özkan
|
| 245 |
1 |
0 |
|a Research on the growth of kids in goat breeding with good flock management
|h [elektronikus dokumentum] :
|b pilot village beşkavak model /
|c Elmaz Özkan
|
| 260 |
|
|
|a University of Szeged Faculty of Agriculture
|b Hódmezővásárhely
|c 2021
|
| 300 |
|
|
|a 29
|
| 490 |
0 |
|
|a Wellmann International Scientific Conference
|
| 650 |
|
4 |
|a Mezőgazdaság-tudományok
|
| 650 |
|
4 |
|a Állattenyésztési és tejtermelési tudomány
|
| 695 |
|
|
|a Kecsketenyésztés - előadáskivonat
|
| 700 |
0 |
1 |
|a Beydilli Yasemin
|e aut
|
| 700 |
0 |
1 |
|a Kahraman Durmuş
|e aut
|
| 700 |
0 |
1 |
|a Kilinç Merve
|e aut
|
| 700 |
0 |
1 |
|a Akbaş Aykut Asım
|e aut
|
| 710 |
|
|
|a Wellmann International Scientific Conference (18.) (2021)
|
| 856 |
4 |
0 |
|u http://acta.bibl.u-szeged.hu/76191/1/wellmann_abstracts_2021_029.pdf
|z Dokumentum-elérés
|